Pueblos y ciudades /
Guardado en:
| Autor Principal: | |
|---|---|
| Formato: | Libro |
| Publicado: |
Argentina :
Eudeba,
1973
|
| Materias: | |
| Etiquetas: |
Agregar Etiqueta
Sin Etiquetas, Sea el primero en etiquetar este registro!
|
| LEADER | 00779nam a22002415a 4500 | ||
|---|---|---|---|
| 001 | CEM.cems003512 | ||
| 005 | 19000101000000.0 | ||
| 008 | 130507s1973##################000#0#####d | ||
| 003 | CEMS | ||
| 082 | 0 | 4 | |a 323.352 |
| 100 | 1 | |a Jones, Emrys | |
| 245 | 1 | 0 | |a Pueblos y ciudades / |
| 260 | |a Argentina : |b Eudeba, |c 1973 | ||
| 300 | |a 166 p. | ||
| 653 | |a Ciudad | ||
| 653 | |a Ciudad y region | ||
| 653 | |a Ciudades preindustriales | ||
| 653 | |a Ciudades-clasificacion | ||
| 653 | |a Hombre y ciudad | ||
| 859 | |a CEMS |b BIB. CEMS - 11 de abril |h 323.352 |i J714 |p 7675.80 |t Ej.4 | ||
| 859 | |a CEMS |b BIB. CEMS - 11 de abril |h 323.352 |i J714 |p 7958.80 |t Ej.1 | ||
| 859 | |a CEMS |b BIB. CEMS - 11 de abril |h 323.352 |i J714 |p 7959.80 |t Ej.2 | ||
| 859 | |a CEMS |b BIB. CEMS - 11 de abril |h 323.352 |i J714 |p 7960.80 |t Ej.3 | ||
